000
00293nam a2200121Ia 4500
008
190216s9999||||xx |||||||||||||| ||und||
100
_a
Broota. Kd
245
0
_a
Introduction To Psychology. Pt. Xi.
260
_b
Ncrt - Newdelhi
_c
2002
300
_a
326
650
_a
Psychology
942
_c
REF
999
_c
36692
_d
36692